| 000 | 00338nam a2200121 4500 | ||
|---|---|---|---|
| 999 |
_c517197 _d517197 |
||
| 082 | _aTNC P4x54 D515 | ||
| 100 |
_aDewal, Onkar Singh. _924668 |
||
| 245 | _aEmerging issues in school education | ||
| 260 |
_aNew Delhi _bSanskaram _c2008 |
||
| 300 | _a145p | ||
| 650 |
_aSchool education - India _924669 |
||
| 650 |
_aSchool - India _924670 |
||